Central Library OPAC University of Rajshahi

সমগ্র বাঙলা ব্যাকরণ ও রচনা / (Record no. 28697)

MARC details
000 -LEADER
fixed length control field 00993nam a2200241I 4500
001 - CONTROL NUMBER
control field 28697
003 - CONTROL NUMBER IDENTIFIER
rucl marc code BD-RjUL
005 - DATE AND TIME OF LATEST TRANSACTION
control field 20211209051322.0
008 - FIXED-LENGTH DATA ELEMENTS--GENERAL INFORMATION
fixed length control field 180411s1940 ii 00010 ben d
020 ## - INTERNATIONAL STANDARD BOOK NUMBER
Terms of availability : IRs. 1.75
035 ## - SYSTEM CONTROL NUMBER
System control number (BD-RjUL)28779
040 ## - CATALOGING SOURCE
Original cataloging agency BD-RjUL
Transcribing agency BD-RjUL
Modifying agency BD-RjUL
Language of cataloging ben
041 1# - LANGUAGE CODE
Language code of text/sound track or separate title ben
082 ## - DEWEY DECIMAL CLASSIFICATION NUMBER
Classification number 494.445
Author mark and year DAS 1940
100 1# - MAIN ENTRY--PERSONAL NAME
Personal name দাশগুপ্ত, তমোনাশচন্দ্র
9 (RLIN) 221102
245 10 - TITLE STATEMENT
Title সমগ্র বাঙলা ব্যাকরণ ও রচনা /
Statement of responsibility, etc. তমোনাশচন্দ্র দাশগুপ্ত
260 ## - PUBLICATION, DISTRIBUTION, ETC. (IMPRINT)
Place of publication, distribution, etc. কলিকাতা:
Name of publisher, distributor, etc. রামতারণ দাস,
Date of publication, distribution, etc. [১৯৪০]
300 ## - PHYSICAL DESCRIPTION
Pagination [৮], ১৬, ৩৪০, ৮৪ পৃ. ;
Size ১৯ সেমি.
500 ## - GENERAL NOTE
General note "কলিকাতা বিশ্ববিদ্যাল কর্তৃক অনুমোদিত"
650 ## - SUBJECT ADDED ENTRY--TOPICAL TERM
Topical term or geographic name as entry element বাংলা ব্যাকরণ
9 (RLIN) 221103
Topical term or geographic name as entry element Bengali Grammar
9 (RLIN) 221104
942 ## - ADDED ENTRY ELEMENTS (KOHA)
Source of classification or shelving scheme Dewey Decimal Classification
Koha item type Rare Books
Holdings
Lost status Source of classification or shelving scheme Damaged status Not for loan Collection code Permanent Location Current Location Shelving location Date acquired Source of acquisition Cost, normal purchase price Total Checkouts Full call number Date last seen Copy number Koha item type
  Dewey Decimal Classification   Not For Loan Rare Books Central Library, University of Rajshahi Central Library, University of Rajshahi Rare Book Section 23/10/1956 Rajshahi, Puthia Rajbari 0.00   BRA 494.445 DAS 1940 11/04/2018 C-1 Rare Books